LEADER 04731oam 22011414 450 001 9910788220603321 005 20230725040430.0 010 $a1-4623-5777-6 010 $a1-4527-2079-7 010 $a1-282-84526-8 010 $a1-4519-6217-7 010 $a9786612845260 035 $a(CKB)3170000000055418 035 $a(SSID)ssj0001477882 035 $a(PQKBManifestationID)11892584 035 $a(PQKBTitleCode)TC0001477882 035 $a(PQKBWorkID)11461921 035 $a(PQKB)10062116 035 $a(OCoLC)680613531 035 $a(MiAaPQ)EBC1606058 035 $a(IMF)WPIEE2010017 035 $a(EXLCZ)993170000000055418 100 $a20020129d2010 uf 0 101 0 $aeng 135 $aurcn||||||||| 181 $ctxt 182 $cc 183 $acr 200 10$aInflation in Tajikistan : $eForecasting Analysis and Monetary Policy Challenges /$fSvetlana Vtyurina, Fahad Alturki 210 1$aWashington, D.C. :$cInternational Monetary Fund,$d2010. 215 $a19 p. $cill 225 1 $aIMF Working Papers 300 $aBibliographic Level Mode of Issuance: Monograph 311 $a1-4519-1866-6 320 $aIncludes bibliographical references. 330 3 $aThis paper attempts to explain short- and long-term dynamics of-and forecast-inflation in Tajikistan using the Vector Error Correction Model (VECM) and Autoregressive Moving Average Model (ARMA). By analyzing different transmission channels through the VECM, we were able to evaluate their relative dominance, magnitude, and speed of transition to the equilibrium price level, with the view of identifying those policy tools that will enhance the effectiveness of monetary policy. We found that excess supply of broad money is inflationary in both the short and long term. The dynamic analysis also demonstrates that the exchange rate and international inflation have a strong impact on local prices. Available monetary instruments, such as the refinancing rate, have proven to be ineffective. Therefore, the Tajik monetary authority could greatly benefit from enhancing its monetary instruments toolkit, including by developing the interest rate channel, to improve its monetary policy execution and to achieve stable inflationary conditions. 410 0$aIMF Working Papers; Working Paper ;$vNo. 2010/017 606 $aInflation (Finance)$zTajikistan 606 $aMonetary policy$zTajikistan 606 $aEconometrics$2imf 606 $aForeign Exchange$2imf 606 $aInflation$2imf 606 $aMoney and Monetary Policy$2imf 606 $aForecasting$2imf 606 $aPrice Level$2imf 606 $aDeflation$2imf 606 $aMonetary Policy, Central Banking, and the Supply of Money and Credit: General$2imf 606 $aForecasting and Other Model Applications$2imf 606 $aMultiple or Simultaneous Equation Models$2imf 606 $aMultiple Variables: General$2imf 606 $aMacroeconomics$2imf 606 $aMonetary economics$2imf 606 $aCurrency$2imf 606 $aForeign exchange$2imf 606 $aEconomic Forecasting$2imf 606 $aEconometrics & economic statistics$2imf 606 $aMonetary base$2imf 606 $aExchange rates$2imf 606 $aEconomic forecasting$2imf 606 $aVector error correction models$2imf 606 $aPrices$2imf 606 $aMoney supply$2imf 606 $aEconometric models$2imf 607 $aTajikistan, Republic of$2imf 615 0$aInflation (Finance) 615 0$aMonetary policy 615 7$aEconometrics 615 7$aForeign Exchange 615 7$aInflation 615 7$aMoney and Monetary Policy 615 7$aForecasting 615 7$aPrice Level 615 7$aDeflation 615 7$aMonetary Policy, Central Banking, and the Supply of Money and Credit: General 615 7$aForecasting and Other Model Applications 615 7$aMultiple or Simultaneous Equation Models 615 7$aMultiple Variables: General 615 7$aMacroeconomics 615 7$aMonetary economics 615 7$aCurrency 615 7$aForeign exchange 615 7$aEconomic Forecasting 615 7$aEconometrics & economic statistics 615 7$aMonetary base 615 7$aExchange rates 615 7$aEconomic forecasting 615 7$aVector error correction models 615 7$aPrices 615 7$aMoney supply 615 7$aEconometric models 700 $aVtyurina$b Svetlana$01509544 701 $aAlturki$b Fahad$01509545 712 02$aInternational Monetary Fund. 801 0$bDcWaIMF 906 $aBOOK 912 $a9910788220603321 996 $aInflation in Tajikistan$93741510 997 $aUNINA LEADER 05004oam 2201153 c 450 001 9910978262003321 005 20260302090207.0 010 $a9783839465431 010 $a3839465435 024 7 $a10.1515/9783839465431 035 $a(MiAaPQ)EBC7374611 035 $a(Au-PeEL)EBL7374611 035 $a(NjHacI)9929269570200041 035 $a(DE-B1597)651144 035 $a(DE-B1597)9783839465431 035 $a(CKB)29269570200041 035 $a(OCoLC)1412615991 035 $a(Perlego)3843771 035 $a(transcript Verlag)9783839465431 035 $a(EXLCZ)9929269570200041 100 $a20260302d2023 uy 0 101 0 $ager 135 $aurcnu|||||||| 181 $ctxt$2rdacontent 182 $cc$2rdamedia 183 $acr$2rdacarrier 200 00$aAutonomie$eMaßstab, Ideal oder Illusion? Vadian Lectures Band 9$fMathias Lindenau, Marcel Meier Kressig 205 $a1st ed. 210 $aBielefeld$ctranscript Verlag$d2023 215 $a1 online resource (0 pages) 225 0 $aSozialtheorie 311 08$a9783837665437 311 08$a3837665437 327 $aCover -- Inhalt -- Einleitung -- Literatur -- Autonomie und gelungenes Leben -- Einleitung -- 1. Die Eigenart menschlichen Handelns -- 2. Der freie Wille -- 3. Freiheit und Gemeinschaftstauglichkeit -- 4. Sind Roboter autonom? -- 5. Schluss -- Literatur -- Weiterführende Literatur -- Sich selbst bestimmen -- Einleitung -- 1. Freiheit als Unabhängigkeit -- 2. Körper und Bewusstsein -- 3. Der Selbstbezug des Individuums als sozialer Sachverhalt -- 4. Das Denken als elementarer Akt einer Kommunikation -- 5. Das Bewusstsein als Netzstruktur -- 6. Kommunikative Verfasstheit des Bewusstseins -- 7. Schlussbemerkung -- Literatur -- Entscheidungen am Lebensende -- Einleitung -- 1. Individualisierung des Sterbens -- 2. Voraussetzungen und Grenzen der Selbstbestimmung am Lebensende -- 3. Patientenverfügungen -- 4. Schlussbetrachtungen -- Literatur -- Technologien zur Förderung der Autonomie von Menschen mit Demenz -- Einleitung -- 1. Die digitale Revolution -- 2. Die Perspektive der Gesundheitsexpert:innen -- 3. Einschränkungen der gegenwärtigen Technologien und politische Implikationen -- 4. Ethische Gestaltung von unterstützenden Technologien für Demenz -- Literatur -- Autorinnen und Autoren. 330 $aAutonomie und mit ihr die Selbstbestimmung gelten als hohes Gut. Demnach hat jeder Mensch das Recht, selbst darüber zu entscheiden, wie er leben möchte, und seine persönlichen Entscheide in der eigenen Lebensführung zu realisieren ? und das ohne die Einmischung von anderen, auch staatlichen Stellen. Doch Selbstbestimmung ist nicht grenzenlos. Sie hat auch Rücksicht auf andere zu nehmen, deren Rechte zu achten und ist immer mit Verantwortung verbunden. Die Beiträger*innen des Bandes stellen sich diesem Spannungsfeld und fragen: Was heißt es unter diesen Vorzeichen, sich selbst zu bestimmen und ein gelungenes Leben zu führen? Und was bedeutet Autonomie für Entscheide am Lebensende und die personalisierte Medizin? 410 0$aSozialtheorie. 517 2 $aLindenau/Meier Kressig (Hg.), Autonomie$eMaßstab, Ideal oder Illusion? Vadian Lectures Band 9 606 $aAutonomie 606 $aAutonomy 606 $aSelbstbestimmung 606 $aSelf-Determination 606 $aLeben 606 $aLife 606 $aEntscheidung 606 $aDecision 606 $aMedizin 606 $aMedicine 606 $aLebensende 606 $aWay of Life 606 $aResponsibility 606 $aLebensführung 606 $aLaw 606 $aVerantwortung 606 $aRecht 606 $aState 606 $aEthics 606 $aStaat 606 $aEthik 606 $aMedical Ethics 606 $aMedizinethik 606 $aPhilosophy 606 $aPolitische Phislosophie 606 $aPhilosophie 615 4$aAutonomie 615 4$aAutonomy 615 4$aSelbstbestimmung 615 4$aSelf-Determination 615 4$aLeben 615 4$aLife 615 4$aEntscheidung 615 4$aDecision 615 4$aMedizin 615 4$aMedicine 615 4$aLebensende 615 4$aWay of Life 615 4$aResponsibility 615 4$aLebensführung 615 4$aLaw 615 4$aVerantwortung 615 4$aRecht 615 4$aState 615 4$aEthics 615 4$aStaat 615 4$aEthik 615 4$aMedical Ethics 615 4$aMedizinethik 615 4$aPhilosophy 615 4$aPolitische Phislosophie 615 4$aPhilosophie 676 $a155.25 702 $aLindenau$b Mathias$p

Mathias Lindenau, Ostschweizer Fachhochschule, Schweiz

$4edt 702 $aMeier Kressig$b Marcel$p

Marcel Meier Kressig, Ostschweizer Fachhochschule, Schweiz

$4edt 801 0$bMiAaPQ 801 1$bMiAaPQ 801 2$bMiAaPQ 906 $aBOOK 912 $a9910978262003321 996 $aAutonomie$9313145 997 $aUNINA